00378nam a2200109Ia 4500008004100000020001800041100002100059245010400080260003100184300001900215650003400234181023s9999 xx 000 0 und d a9781138678415 aLundberg, Erick. cEdited by Erick Lundberg, John Armbrecht, Tommy D. Andersson, Donald Getz.--aThe Value of events / aNew York :bRoutlegec2017 axv, 202 pages. aSpecial events -- management.